000 00583nam a2200181Ia 4500
008 090201s9999 xx 000 0 und d
010 _aKPL-72397
040 _bमराठी
041 _aमराठी
082 _a52669
_b72397
100 _aराजंेद्र माने
245 _aप्रवाहातील नौका
_cराजंेद्र माने
250 _a1
260 _c2006
_bपायल पब्लिकेशन
300 _a160
_bमध्यम
600 _aप्रवाहातील नौका
942 _cBOOK
999 _c249115
_d249115